| 000 | 00833nam a2200277 a 4500 | ||
|---|---|---|---|
| 001 | 014621083 | ||
| 003 | Uk | ||
| 005 | 20161115122054.0 | ||
| 008 | 081230s2008 stka b 001 0 eng c | ||
| 020 | _a9780702029011 (pbk.) | ||
| 020 | _a0702029017 (pbk.) | ||
| 082 | 0 | 4 |
_a306.461 _222 _bSOC |
| 245 | 0 | 0 |
_aSociology as applied to medicine / _cedited by Graham Scambler. |
| 250 | _a6th ed. | ||
| 260 |
_a[Edinburgh] : _bSaunders Elsevier, _c2008. |
||
| 300 |
_axii, 348 p. : _bill. ; _c24 cm. |
||
| 500 | _aPrevious ed.: 2003. | ||
| 504 | _aIncludes bibliographical references and index. | ||
| 650 | 0 |
_aMedical ethics. _933289 |
|
| 650 | 0 |
_aPublic health. _912351 |
|
| 653 |
_bNUR _cMay2013 |
||
| 690 | 7 |
_aSocial Welfare _2blcoll |
|
| 650 | 0 |
_933288 _aSocial medicine |
|
| 700 | 1 |
_aScambler, Graham. _933290 |
|
| 942 |
_2ddc _cNRB |
||
| 999 |
_c17487 _d17459 |
||